Жизнь и знание в числах. Вып.1 (Запись № 13480366)
[ простой вид ]
| 000 -МАРКЕР | |
|---|---|
| контрольное поле | 01011nam2a22002171 4500 |
| 001 - ИДЕНТИФИКАТОР ЗАПИСИ | |
| контрольное поле | RU\NLR\A1SV\45868 |
| 005 - ИДЕНТИФИКАТОР ВЕРСИИ | |
| контрольное поле | 20251203152403.2 |
| 035 ## - ДРУГИЕ СИСТЕМНЫЕ НОМЕРА | |
| Идентификатор записи | (NLR Aleph) 009727995 |
| 100 ## - ДАННЫЕ ОБЩЕЙ ОБРАБОТКИ | |
| Данные общей обработки | 20030321d1923 u y0rusy50 ca |
| 101 0# - ЯЗЫК РЕСУРСА | |
| Язык текста, звукозаписи и т.д. | русский |
| 200 0# - ЗАГЛАВИЕ И СВЕДЕНИЯ ОБ ОТВЕТСТВЕННОСТИ | |
| Основное заглавие | Вып.1 |
| 215 ## - ФИЗИЧЕСКАЯ ХАРАКТЕРИСТИКА | |
| Специфическое обозначение материала и объем | 91 с. |
| Другие сведения о физической характеристике | ил. |
| 320 ## - ПРИМЕЧАНИЯ О НАЛИЧИИ В ДОКУМЕНТЕ БИБЛИОГРАФИИ / УКАЗАТЕЛЯ | |
| Текст примечания | Библиогр.: с.92 |
| 461 #1 - УРОВЕНЬ НАБОРА | |
| Встроенное поле | 001RU\NLR\A1SV\45867 |
| -- | 2000#$aЖизнь и знание в числах$eСб. арифмет. задач для шк. 1 ступ.$fС.В.Зенченко$gВ.Л.Эменов$vВып.1 |
| -- | 700#1$aЗенченко$bС.В.$f1863-после 1930$gСергей Васильевич |
| Системный номер (АБИС) связанной записи | 9898498 |
| Автор | Зенченко, С.В. (1863-не ранее 1930) |
| Место публикации | М. |
| Дата публикации | 1923 |
| Издание | 3-е изд. |
| Первые сведения об ответственности | С.В.Зенченко |
| Имя издателя, распространителя и т.д. | Гос. изд-во |
| Сведения, относящиеся к заглавию | Сб. арифмет. задач для шк. 1 ступ. |
| Заглавие | Жизнь и знание в числах |
| Номер тома | Вып.1 |
| 801 #0 - ИСТОЧНИК ЗАПИСИ | |
| Страна | Российская Федерация |
| Организация | NLR |
| Дата составления | 20030321 |
| 852 ## - МЕСТОНАХОЖДЕНИЕ И ШИФР ХРАНЕНИЯ | |
| Идентификатор организации | NLR |
| Шифр хранения (Call Number) | 10/133 |
| 942 ## - ДОПОЛНИТЕЛЬНЫЕ ЭЛЕМЕНТЫ ЗАПИСИ (АБИС) | |
| Тип экземпляра АБИС | Книга |
| 980 ## - КОЛЛЕКЦИЯ | |
| Название коллекции | Международный сводный каталог русской книги (1918-1926) |
| 980 ## - КОЛЛЕКЦИЯ | |
| Название коллекции | Национальная библиография |
Нет доступных экземпляров.